000 00487nam a2200181Ia 4500
005 20260429112126.0
008 260429s9999||||xx |||||||||||||| ||und||
020 _a9789362244185
041 _aEnglish
082 _a333.88
_bSHE
100 _aSheorey, Abhijeet
245 0 _aGeothermal resources /
_cAbhijeet Sheorey
250 _a1st ed.
260 _aNew Delhi :
_bDiscovery Publishing House,
_c2025.
300 _avi, 249 p.; hb
650 _aGeothermal resources
942 _cTB
999 _c52475
_d52475